00374 a2200097 4500001001000000005001700010008004100027245010400068100003600172773006800208ART_5509420260410162009.0260409a 10aAcoso sexual en el ámbito laboral (UNICEF), encubrimiento del empleador y un justo reconocimiento1 aRebaudi Basavilbaso, Ignacio M.0 tTemas de derecho civilg- Año 7, N° 12 (dic. 2021)wREV34778